| 000 | 01722nam a22002537a 4500 | ||
|---|---|---|---|
| 999 |
_c63695 _d63695 |
||
| 003 | Ge_BSU | ||
| 005 | 20251210174339.0 | ||
| 008 | 251210s2021 ge ||||| |||| 00| 0 geo d | ||
| 020 | _a9789941975042 | ||
| 041 | _ageo | ||
| 080 | _a027.8(479.22) ლ-62 | ||
| 100 |
_aლიმბერგი, ლუიზე _926441 |
||
| 245 |
_aსასკოლო ბიბლიოთეკა როგორც სასწავლო სივრცე / _cლუიზე ლიმბერგი, მიკაელ ალექსანდერსონი; ინგლისურიდან თარგმნა გიორგი კილაძემ; რედაქტორები: ლაშა გველესიანი, მარიამ ხოფერია. |
||
| 264 |
_aთბილისი : _b საქართველოს პარლამენტის ეროვნული ბიბლიოთეკა, _c2021. |
||
| 300 |
_a76 გვ. ; _b 18 სმ. |
||
| 500 | _aტექსტი და დასკვნა ქართულ და ინგლისურ ენებზე. | ||
| 504 | _aბიბლიოგრ.: გვ. 72-73. | ||
| 653 | _aსასკოლო ბიბლიოთეკები საქართველოში | ||
| 700 |
_aალექსანდერსონი, მიკაელ _e ავტორი _926442 |
||
| 700 |
_aკილაძე, გიორგი _eმთარგმნელი _924914 |
||
| 700 |
_aგველესიანი, ლაშა _e რედაქტორი _97510 |
||
| 700 |
_aხოფერია, მარიამ _eრედაქტორი _926443 |
||
| 942 |
_2udc _cᲬᲘᲒᲜᲘ |
||